Statistics for Biggest Countries with Left-Hand Traffic

Click here to take the quiz!

General Stats

  • This quiz has been taken 167 times
  • The average score is 6 of 10

Answer Stats

total size km2Country% Correct
7,692,024Australia
98%
3,287,263India
83%
1,221,037South Africa
79%
881,912Pakistan
65%
1,910,931Indonesia
63%
945,087Tanzania
49%
825,615Namibia
46%
581,730Botswana
44%
752,612Zambia
36%
801,590Mozambique
33%

Score Distribution

Percentile by Number Answered

Percent of People with Each Score

Your Score History

You have not taken this quiz